Desserts from 'E' - Statistics

General Stats
  • This quiz has been taken 37 times
  • The average score is 3 of 16
Answer Stats
Picture Answer % Correct
Eclair
88%
Eggnog
71%
Egg Tart
59%
Eton Mess
21%
Eccles cake
15%
Elephant Ears
9%
English Pudding
9%
Esterhazy torte
6%
Eggnog Trifle
3%
Egg Roll Cookies
3%
Elisenlebkuchen
3%
Entremet
3%
Eskimo Pie
3%
Eierschecke
0%
Ensaimada
0%
Es campur
0%
No matching quizzes found
Score Distribution
Percent of People with Each Score
Percentile by Number Answered
Your Score History
You have not taken this quiz